000 00563nam a2200181Ia 4500
005 20250508155744.0
008 008 250505s9999 xx 000 0 eng d
037 _aDissertations
040 _aFEDL
_beng
_cFEDL
041 _aeng
_2eng
084 _a421.4, DUW/DI
_qFEDL
100 _aDuwal Tulsi Man
_9767425
245 0 _aStudy on the common errors in the written english languge of the S L C Level students of Kathmandu
300 _a24p.
546 _aM.Ed. Dissertation 1967
942 _cDIS
_h421.4, DUW/DI
999 _c1359135
_d1359135